00672nam a22001932 4500001001100000005001700011008004100028020001700069040001500086050002200101245012800123250001200251260004400263300003500307650003600342700003100378700003400409700003500443000000270820151217151903.0070418s xx 000 0 eng d a031218333x : aKABUcKABU 0aPN6112b.S73 199910aStages of drama :bclassical to contemporary theater /c[compiled by] Carl H. Klaus, Miriam Gilbert, Bradford S. Field, Jr. a4th ed. aBoston :bBedford/St. Martin's,cc1999. axii, 1490 p. :bill. ;c24 cm. 0aDramaxCollections.@00001521971 aKlaus, Carl H.@00001521981 aGilbert, Mirriam.@00001521991 aField, Bradford S.@0000152200